| 000 | 01092aab a2200205 i 4500 | ||
|---|---|---|---|
| 001 | 768714001 | ||
| 003 | CO-MdFUSB | ||
| 005 | 20250730123410.0 | ||
| 008 | 250730t1989 ag ||||| |||| 00| 0 spa d | ||
| 040 |
_bspa _cCO-MdFUSB |
||
| 100 | 1 |
_aDeiros, Pablo A. (Alberto) (1945-) _eautor |
|
| 245 | 1 | 3 |
_aEl culto al sol _c/ Pablo A. Deiros |
| 300 |
_aVolumen 8, número 1 (marzo, 1989), Páginas 36 - 38 _c; 27 cm |
||
| 520 | _aLos incas daban gran importancia al culto al Sol, pero permitían que los pueblos conquistados conservaran sus dioses, aunque como divinidades menores. Utilizaron la religión para integrar y controlar, llevando ídolos y nobles al Cuzco como rehenes. Sin embargo, imponían el culto al Sol y el quechua en las regiones conquistadas, construyendo templos y enviando maestros y sacerdotes, logrando así una amplia difusión de su lengua y religión. | ||
| 653 | _aPolítica y religión | ||
| 653 | _aImperio Inca | ||
| 773 | 0 |
_tIglesia y Misión _049402 _959672 _gVolumen 8, número 1 (marzo, 1989), páginas 36 - 38 _qpáginas 36 |
|
| 942 | _cANA | ||
| 945 | _aJTF-925 | ||
| 999 |
_c51798 _d51798 |
||